| 000 | 00368 a2200133 4500 | ||
|---|---|---|---|
| 001 | 91946 | ||
| 082 | _aPR 1751 | ||
| 090 |
_c43893 _d43892 |
||
| 100 | _aAbdul Basit; Prof Abdul Mateen, Advisor | ||
| 245 |
_aDesign of a Radiation Measuring Tool for Air Defence Radars _n66 "B" EC |
||
| 260 |
_aRawalpindi _bNUST _c2009 |
||
| 300 | _a78p | ||
| 500 | _aBE Project Reports | ||
| 942 |
_aCAE NUST _kPR 1751 |
||
| 999 |
_c327019 _d327019 |
||